00698cam a22002051 4500001000700000003000700007005001700014008004100031016004600072035002100118040003100139080002500170080002600195100002500221245009300246260004900339300003500388651003000423852003900453143660SpMaBN20230925163026.0981210s1952 sp spa 7 abimoBNE20000172808zIND98008299792SpMaBN a(OCoLC)432713821 aSpMaBNbspacCDMdES-MaACL a9(460.231 Albagés) a91(460.231 Albagés)0 aSero Serra, Casimiro10aReseña descriptiva é histórica de Albages /cpor el Rvdo. D. Casimiro Seró Serra a[Bellpuig :bs.n.,c1952?]fImp. Saladrigues a95 p., 2 h. de lám. ;c22 cm 4aCataluñaxDescripción aEs-MaACLbR.34317j1970-F-3cDEPOF